000 00433nam a2200181Ia 4500
005 20240823055403.0
008 240823s9999||||xx |||||||||||||| ||und||
041 _aENGLISH
082 _A658.3124 Q1
100 _a"Molden,David"
245 0 _aManaging with the Power of NLP
250 _a2nd
260 _c2011
_bPe
500 _aYES
650 _aNeurolinguistic Program
_bManagement Studies
942 _cBK
999 _c228663
_d228663